000 00483nmm a2200181Ia 4500
008 251105s9999||||xx |||||||||||||||||und||
041 _aspa
100 _aRyan, William
245 0 _aRéquiem ruso
264 _a[Madrid, España] :
_bRoca Editorial,
_c2012
300 _a321 páginas
490 _aMisterio
650 _aThriller & Suspense
700 _aRyan, William
700 1 _a Faerna, Mónica
856 _uhttps://public.digitaliapublishing.com/a/34445
942 _cCF
999 _c70903
_d70903